Jonatanova cesta /

Uloženo v:
Podrobná bibliografie
Hlavní autor: Baloha, František (Autor)
Další autoři: Veljačiková, Denisa (Ilustrátor)
Médium: Kniha
Jazyk:slovenština
Vydáno: Bratislava : Parentes, 2017
Témata:
ISBN:9788097277307
On-line přístup: Získat plný text
Tagy: Přidat tag
Žádné tagy, Buďte první, kdo vytvoří štítek k tomuto záznamu!

MARC

LEADER 00000nam a2200000 4500
003 SK-BrCVT
005 20220621181441.0
006 aa e 000 1d
008 171213s2017 xo a e 000 1dslo#d
020 |a 9788097277307   |q (viaz.) 
035 |a CVTIDW0064267 
040 |a SNK  |b slo  |c SVKBB  |e AACR2  |d CVTI SR 
041 0 |a slo 
044 |a xo  |c SK 
080 |a 82-3  |2 2008 
100 1 |a Baloha, František  |4 aut 
245 1 0 |a Jonatanova cesta /  |c František Baloha ; [kresby: Denisa Veljačiková] 
260 |a Bratislava :  |b Parentes,  |c 2017 
300 |a 194 s. :  |b obr. ;  |c 22 cm 
653 1 |a literatúra 
653 1 |a próza 
655 7 |a umelecká literatúra  |2 SNKPH 
700 1 |a Veljačiková, Denisa  |4 ill 
852 |a CVTISR  |b 1 
910 |b A625899 
919 |a 978-80-972773-0-7 
959 |a 02 
974 |a katarina.repata  |f Knihy 
992 |a AUL 
999 |c 250906  |d 250906